Catálogo

METODOLOGÍA de la investigación. (Registro nro. 61653)

Detalles MARC
000 -LEADER
fixed length control field 00661nam a2200217 u 4500
001 - CONTROL NUMBER
control field 61653
005 - DATE AND TIME OF LATEST TRANSACTION
control field 20180714063353.0
008 - FIXED-LENGTH DATA ELEMENTS--GENERAL INFORMATION
fixed length control field 141106s2009 xx r 000 0 spa d
020 ## - INTERNATIONAL STANDARD BOOK NUMBER
International Standard Book Number 978-607-438-409-3
082 ## - DEWEY DECIMAL CLASSIFICATION NUMBER
Classification number 001.42
100 1# - MAIN ENTRY--PERSONAL NAME
Personal name BAENA PAZ, GUILLERMINA
Relator term autor
245 10 - TITLE STATEMENT
Title METODOLOGÍA de la investigación.
250 ## - EDITION STATEMENT
Edition statement Primera reimpresión 2011
264 ## - PRODUCTION, PUBLICATION, DISTRIBUTION, MANUFACTURE, AND COPYRIGHT NOTICE
Place of production, publication, distribution, manufacture México :
300 ## - PHYSICAL DESCRIPTION
Extent 145 paginas ;
Dimensions 20 cm.
336 ## - CONTENT TYPE
Content type term texto
Source rdacontent
337 ## - MEDIA TYPE
Media type term sin mediación
Source rdamedia
338 ## - CARRIER TYPE
Carrier type term volumen
Source rdacarrier
490 1# - SERIES STATEMENT
Series statement Serie integral por competencias
650 #0 - SUBJECT ADDED ENTRY--TOPICAL TERM
Topical term or geographic name entry element Competencias génericas del Bachillerato General.
Existencias
Withdrawn status Lost status Source of classification or shelving scheme Damaged status Not for loan Collection code Home library Current library Shelving location Date acquired Source of acquisition Total Checkouts Full call number Barcode Date last seen Date last checked out Price effective from Koha item type
    Dewey Decimal Classification     General Tehuacán Tehuacán Sala general 06/11/2014 Compra 1 001.42 BAE 2012 508350 08/01/2025 31/08/2019 15/11/2016 Libro